Airports in Cities of Africa - Statistics

General Stats
  • This quiz has been taken 5 times
  • The average score is 7 of 15
Answer Stats
City Airport Name % Correct
Johannesburg OR Tambo / Lanseria
100%
Cape Town Cape Town International
75%
Durban King Shaka
75%
Harare Robert Gabriel Mugabe
75%
Dakar Blaise Diagne / Leopold Sedar-Senghor
50%
Addis Ababa Bole Addis Ababa
50%
Cairo Cairo International / Sphinx
50%
Lagos Murtala Muhammed
50%
Casablanca Tit Mellil
50%
Mogadishu Adam Adde
25%
Accra Kotoka
25%
Mombasa Moi
25%
Kinshasa N'djili
25%
Zanzibar Abeid Amani Karume
0%
Port Louis (Mauritius) Sir Seewoosagur Ramgoolam
0%
No matching quizzes found
Score Distribution
Percent of People with Each Score
Percentile by Number Answered
Your Score History
You have not taken this quiz